Statistics for Legend of Zelda: Breath of the Wild Characters Quiz

Click here to take the quiz!

General Stats

  • This quiz has been taken 842 times
  • The average score is 7 of 9

Answer Stats

Character Description Character % Correct
The princess of Hyrule Castle.Zelda
99%
Protagonist of Zelda games.Link
96%
The antagonist of Zelda games, now taking on a Dark Beast form.Calamity Ganon
94%
The elder of Kakariko Village that tells Link to gain back his memories.Impa
87%
The prince of Zora that helps Link conquer one of the Divine Beasts.Prince Sidon
80%
The last king of Hyrule.King Rhoam
59%
The princess of Gerudo Town that helps Link conquer one of the Divine Beasts.Princess Riju
54%
The young Goron that helps Link conquer one of the Divine Beasts.Yunobo
48%
The Rito that helps Link conquer one of the Divine Beasts.Teba
45%

Score Distribution

Percentile by Number Answered

Percent of People with Each Score

Your Score History

You have not taken this quiz